Statistics for Question...? - Taylor Swift (All Lyrics)

Click here to take the quiz!

General Stats

  • This quiz has been taken 18 times
  • The average score is 368 of 433

Answer Stats

Lyrics% Correct
A
100%
a
100%
did
100%
Did
100%
I
100%
you
100%
you)
100%
ask
94%
(Can
94%
Can
94%
(Do)
94%
Do
94%
do?
94%
ever
94%
in
94%
(In
94%
just
94%
of
94%
question?)
94%
question
94%
question?
94%
room
94%
room)
94%
some
94%
Then
94%
what
94%
When
94%
your
94%
and
88%
And
88%
boy
88%
but
88%
But
88%
crowded
88%
girl,
88%
Good
88%
had
88%
have
88%
Have
88%
it
88%
It
88%
It's
88%
kiss
88%
know
88%
like
88%
middle
88%
night
88%
night?
88%
Oh
88%
oh
88%
Second
88%
someone
88%
that
88%
That
88%
the
88%
they
88%
to
88%
too?
88%
too
88%
was
88%
We
88%
were
88%
with
88%
you're
88%
all
81%
clappin'
81%
could
81%
every
81%
fifteen
81%
fight,
81%
fight)
81%
friends
81%
fun
81%
goin'
81%
guy
81%
her
81%
her?
81%
house
81%
later,
81%
leave
81%
mind
81%
more
81%
(More
81%
much?
81%
my
81%
on
81%
one
81%
put
81%
remember
81%
sad
81%
said
81%
say,
81%
seconds
81%
she
81%
She
81%
still
81%
thing
81%
who
81%
wish
81%
you'd
81%
after
75%
Before
75%
Big
75%
'Cause
75%
choices
75%
city,
75%
color
75%
don't
75%
Fuckin'
75%
I'm
75%
(Makin'
75%
makin'
75%
not
75%
painted
75%
swear
75%
that's
75%
That's
75%
touch
75%
up
75%
wrong
75%
another
69%
by
69%
dickhead
69%
feel
69%
gender
69%
heard?
69%
I've
69%
may
69%
politics
69%
roles
69%
saw
69%
searched
69%
since
69%
single
69%
somethin'
69%
sure
69%
way
69%
drink
63%
for
63%
moon
63%
nights
63%
situations,
63%
tonight
63%
what's
63%
best
56%
circumstances
56%
conversation
56%
Does
56%
everything's
56%
explanations
56%
eyes,
56%
Half
56%
Miscommunications,
56%
out
56%
right,
56%
surprise
56%
bad
50%
nice,
50%
suitable
50%
time?
50%
with
50%
realize
44%
away
38%
Got
38%
meteor
38%
strike?
38%
gray
25%
swept
25%

Score Distribution

Percentile by Number Answered

Percent of People with Each Score

Your Score History

You have not taken this quiz